Les 6 premiers pays à adhérer à L'union Européenne (UE) - Statistiques

Statistiques générales
  • Ce quiz a été pris 53 fois
  • Le résultat moyen est 6 sur 6
Statistiques - réponses
Population (millions) Pays % Correct
83 Allemagne
100%
68 France
100%
61 Italie
100%
12 Belgique
98%
18 Pays-Bas
96%
0,8 Luxembourg
87%
Aucun quiz correspondant
Distribution des résultats
% des personnes avec chaque résultat
Percentile par nombre de réponses
Votre historique - résultats
Vous n’avez pas pris ce quiz